000
00345nam a2200133 a 4500
005
20140414131915.0
008
100915s19uu xx 00 eng d
050
_a
FIC
_b
R71 2002
100
_a
Rosado, Maria
245
_a
Family face-off.
260
_a
New York :
_b
Simon Spotlight,
_c
2002.
440
_a
The Wild Thornberrys.
999
_c
111415
_d
111415